Score 0/15 Timer 02:00
2 Plays Today
Clue 5-Letter Word % Correct
Tabloid regular LindsayLOHAN
98.3%
Item used to start many arcade gamesTOKEN
85.7%
Roused from sleepWOKEN
85.7%
Film in which Liam Neeson has a special set of skillsTAKEN
85.5%
Bob Marley song 'No _____, No Cry'WOMAN
81.6%
Makes a bread or cookiesBAKES
80.7%
International airport located in BostonLOGAN
79.7%
Descendants from Venus?WOMEN
78.1%
Clue 5-Letter Word % Correct
Scenes filmed without interruptionTAKES
76.7%
Julius Caesar, for oneROMAN
74.8%
DisrobesBARES
73.1%
Fails to capture one's attention; does not amuseBORES
71.8%
Fox show starring Emily Deschanel and David BoreanazBONES
71.6%
Surname of Fear Factor host JoeROGAN
70.1%
Tabloid regular AmandaBYNES
66.2%

Today's Daily Dose

Missing Word
'T' Pairs

Word Ladder
Game Pieces

Get the Picture
Baseball Movies

Remove Ads.
Support Sporcle.
Get the best of Sporcle when you Go Orange. This ad-free experience offers more features, more stats, and more fun while also helping to support Sporcle. Thank you for becoming a member.

You're not logged in!

Compare scores with friends on all Sporcle quizzes.
OR
Log In

Show Comments

Extras

Top Quizzes Today


Score Distribution

Your Account Isn't Verified!

In order to create a playlist on Sporcle, you need to verify the email address you used during registration. Go to your Sporcle Settings to finish the process.

Report this User

Report this user for behavior that violates our Community Guidelines.

Details: